Inflammation and viral localisation in enterovirus 71 encephalomyelitis /
Saved in:
| 主要作者: | |
|---|---|
| 格式: | Thesis 图书 |
| 语言: | English |
| 出版: |
2006.
|
| 主题: | |
| 标签: |
添加标签
没有标签, 成为第一个标记此记录!
|
| LEADER | 00905cam a2200253 a 4500 | ||
|---|---|---|---|
| 001 | u723265 | ||
| 003 | SIRSI | ||
| 005 | 200606131013 | ||
| 008 | 970625s2006 my a t 0 eng m | ||
| 040 | |a UMP | ||
| 096 | |a WB100 |b UM 2006 Bad | ||
| 100 | 0 | 0 | |a Badmanathan Munisamy. |
| 245 | 1 | 0 | |a Inflammation and viral localisation in enterovirus 71 encephalomyelitis / |c Badmanathan Munisamy. |
| 260 | |c 2006. | ||
| 300 | |a xx, 226 leaves : |b ill. ; |c 30 cm. | ||
| 502 | |a Dissertation (M.Med.Sc.) -- Department of Medicine, Faculty of Medicine, University of Malaya, 2006. | ||
| 504 | |a Bibliography: leaves 171-196 | ||
| 650 | 2 | |a Enterovirus. | |
| 650 | 2 | |a Picornaviridae. | |
| 650 | 2 | |a Inflammation. | |
| 650 | 2 | |a Encephalomyelitis. | |
| 710 | 2 | 0 | |a Universiti Malaya. |b Jabatan Perubatan. |
| 596 | |a 2 | ||
| 999 | |a WB100 UM 2006 BAD |w NLM |c 1 |i A502734732 |d 27/3/2007 |f 27/3/2007 |g 1 |l TESIS |m P02MEDKL |r Y |s Y |t TESIS |u 27/3/2007 | ||
